书目信息 |
| 题名: |
征战雅典:2004中国军团雅典出征录
|
|
| 作者: | 岑传理 主编 | |
| 分册: | ||
| 出版信息: | 北京 中国广播电视出版社 2004.07 |
|
| 页数: | 187页 | |
| 开本: | 21cm | |
| 丛书名: | ||
| 单 册: | ||
| 中图分类: | G812.8 | |
| 科图分类: | ||
| 主题词: | 夏季奥运会, 第28届--运动成绩--预测--中国 , 夏季奥运会 , 运动成绩 | |
| 电子资源: | ||
| ISBN: | 7-5043-4302-1 | |
| 000 | 00806nam0 2200253 45 | |
| 001 | 012004000000 | |
| 005 | 20041104085137.43 | |
| 010 | @a7-5043-4302-1@dCNY 16.00 | |
| 100 | @a20040914d2004 em y0chiy0121 ea | |
| 101 | 0 | @achi |
| 102 | @aCN@b110000 | |
| 105 | @aak z 000yy | |
| 200 | 1 | @a征战雅典:2004中国军团雅典出征录@Azheng zhan ya dian:2004 zhong guo jun tuan ya dian chu zheng lu@e2004中国军团雅典出征录@f岑传理主编 |
| 210 | @a北京@c中国广播电视出版社@d2004.07 | |
| 215 | @a187页@c图, 表格@d21cm | |
| 320 | @a本书含附录 | |
| 517 | 1 | @a2004中国军团雅典出征录 |
| 606 | 0 | @a夏季奥运会, 第28届@x运动成绩@x预测@y中国 |
| 606 | 0 | @a夏季奥运会 |
| 606 | 0 | @a运动成绩 |
| 690 | @aG812.8@v4 | |
| 701 | 0 | @a岑传理@Acen chuan li@4主编 |
| 801 | 0 | @aCN@bQSSKxf@c20041104 |
| 905 | @a10447@dG812.8@eC179 | |
| 征战雅典:2004中国军团雅典出征录:2004中国军团雅典出征录/岑传理主编.-北京:中国广播电视出版社,2004.07 |
| 187页:图, 表格;21cm |
| ISBN 7-5043-4302-1:CNY 16.00 |
| ● |
| 相关链接 |
|
|
|
正题名:征战雅典:2004中国军团雅典出征录
索取号:G812.8/C179
 
预约/预借
| 序号 | 登录号 | 条形码 | 馆藏地/架位号 | 状态 | 备注 |
| 1 | 424899 | 204248992 | 社科库409/409社科库 21排3列2层/ [索取号:G812.8/C179] | 在馆 | |
| 2 | 424900 | 204249009 | 社科库409/409社科库 21排3列2层/ [索取号:G812.8/C179] | 在馆 | |
| 3 | 424901 | 204249018 | 社科库409/409社科库 21排3列2层/ [索取号:G812.8/C179] | 在馆 |